000 01033nam a22002537a 4500
999 _c7391
_d7391
003 AR-CdUCM
008 190320b ||||| |||| 00| 0 spa d
040 _aMUNICIPALIDAD PROVINCIAL DEL CUSCO
_cBIBLIOTECA MUNICIPAL DEL CUSCO
041 _heng
082 _a570 /
_bSU96
100 _aSussman, Maurice
_920835
245 _aCrecimiento y Desarrollo /
260 _aMéxico :
_bUTEHA,
_c1967.
300 _aXIV, 185 páginas ;
_bIlustraciones, diagramas
_c17cm
440 _aColección Uteha - Ciencias Naturales
_n248
_920836
440 _aSección ciencias naturales.
_n4
_920837
505 _aContenido: ¿Que es el desarrollo? -- Crecimiento y reproducción de la célula aislada -- El crecimiento de los grupos celulares -- El desarrollo de los microorganismos -- El desarrollo de un animal primitivo: los celenterados...
650 _aBiología
_9881
650 _aCélulas
_918534
650 _aReproducción
_98380
700 _aEspinosa Morett, Alfredo (traducción)
_920838
942 _2ddc
_cLIBROS
945 _anom